Horatio Nelson Taft diary, (Record no. 44619)
[ view plain ]
| 000 -LEADER | |
|---|---|
| fixed length control field | 02049cpcaa2200373 i 4500 |
| 001 - CONTROL NUMBER | |
| control field | mm2002084885 |
| 003 - CONTROL NUMBER IDENTIFIER | |
| control field | DLC |
| 005 - DATE AND TIME OF LATEST TRANSACTION | |
| control field | 20260227111729.0 |
| 007 - PHYSICAL DESCRIPTION FIXED FIELD--GENERAL INFORMATION | |
| fixed length control field | cr ||||||||||| |
| 008 - FIXED-LENGTH DATA ELEMENTS--GENERAL INFORMATION | |
| fixed length control field | 020415|||||||||||| eng |
| 010 ## - LIBRARY OF CONGRESS CONTROL NUMBER | |
| LC control number | mm2002084885 |
| 040 ## - CATALOGING SOURCE | |
| Original cataloging agency | DLC |
| Language of cataloging | eng |
| Description conventions | dacs |
| Transcribing agency | DLC |
| Modifying agency | DLC |
| 072 #7 - SUBJECT CATEGORY CODE | |
| Subject category code | W |
| Source | lcmd |
| 100 1# - MAIN ENTRY--PERSONAL NAME | |
| Personal name | Taft, Horatio Nelson, |
| Dates associated with a name | 1806-1888. |
| 245 00 - TITLE STATEMENT | |
| Title | Horatio Nelson Taft diary, |
| Inclusive dates | 1861-1865. |
| 300 ## - PHYSICAL DESCRIPTION | |
| Extent | 4 |
| Type of unit | items. |
| 506 0# - RESTRICTIONS ON ACCESS NOTE | |
| Terms governing access | Open to research. |
| 520 8# - SUMMARY, ETC. | |
| Summary, etc. | Three volume diary kept by Taft during Abraham Lincoln's administration in which Taft details events in Washington, D.C., during the Civil War years, including his connection with Abraham Lincoln and the Lincoln family. Of special interest is Taft's description of Lincoln's assassination, based on accounts of Taft's friends and his son, who was one of the attending physicians at Ford's Theatre the night Lincoln was shot. The diary contains a genealogy of the Taft family dated 1860. Includes an undated photograph of Taft by Mathew Brady. |
| 530 ## - ADDITIONAL PHYSICAL FORM AVAILABLE NOTE | |
| Additional physical form available note | Available through the Library of Congress Web site. |
| 545 0# - BIOGRAPHICAL OR HISTORICAL DATA | |
| Biographical or historical data | Examiner for the U.S. Patent Office. |
| 546 ## - LANGUAGE NOTE | |
| Language note | Collection material in English. |
| 600 10 - SUBJECT ADDED ENTRY--PERSONAL NAME | |
| Personal name | Lincoln, Abraham, |
| Dates associated with a name | 1809-1865. |
| 600 10 - SUBJECT ADDED ENTRY--PERSONAL NAME | |
| Personal name | Lincoln, Abraham, |
| Dates associated with a name | 1809-1865 |
| General subdivision | Assassination. |
| 600 30 - SUBJECT ADDED ENTRY--PERSONAL NAME | |
| Personal name | Lincoln family. |
| 600 30 - SUBJECT ADDED ENTRY--PERSONAL NAME | |
| Personal name | Taft family |
| Form subdivision | Genealogy. |
| 651 #0 - SUBJECT ADDED ENTRY--GEOGRAPHIC NAME | |
| Geographic name | United States |
| General subdivision | Politics and government |
| Chronological subdivision | 1861-1865. |
| 651 #0 - SUBJECT ADDED ENTRY--GEOGRAPHIC NAME | |
| Geographic name | Washington (D.C.) |
| General subdivision | History |
| Chronological subdivision | Civil War, 1861-1865. |
| 656 #7 - INDEX TERM--OCCUPATION | |
| Occupation | Examiners, U.S. Patent Office. |
| Source of term | itoamc |
| 700 1# - ADDED ENTRY--PERSONAL NAME | |
| Personal name | Brady, Mathew B., |
| Dates associated with a name | approximately 1823-1896, |
| Relator term | photographer. |
| 740 0# - ADDED ENTRY--UNCONTROLLED RELATED/ANALYTICAL TITLE | |
| Uncontrolled related/analytical title | Washington During the Civil War: the Diary of Horatio Nelson Taft, 1861-1865. |
| 856 41 - ELECTRONIC LOCATION AND ACCESS | |
| Materials specified | Washington During the Civil War: the Diary of Horatio Nelson Taft, 1861-1865 |
| Uniform Resource Identifier | <a href="http://hdl.loc.gov/loc.mss/collmss.ms000015">http://hdl.loc.gov/loc.mss/collmss.ms000015</a> |
No items available.